000 00982nam a2200253Ia 4500
003 OSt
005 20220923220219.0
006 a|||||r|||| 00| 0
007 ta
008 220922b |||||||| |||| 00| 0 hin d
024 _a185,120
037 _cTextual
040 _aARTS
_cARTS
_bhin
041 _2hin
_ahin
082 _aO152,1(Q223):g, L7
100 _aरावत, चन्द्र भान
245 0 _aकृष्ण भक्ति साहित्य
_b वस्तुु स्त्रोत और संरचना
246 _aKṛuṣhṇa bhakti sāhitya: vastuu strot aur sanrachanā
260 _aतिरूपति
_b श्रीवेकेटेश्वर विश्वविद्यालय
_c1977
300 _a303 पृ.
_ccm.
650 _aहिन्दी साहित्य
_9156264
942 _hO152,1(Q223):g, L7
_cTEXL
_2CC
999 _c338366
_d338366